000 00230 a2200097 4500
001 39821
100 _aGoldstein H
245 _aClassical Mechanics
260 _aNew Delhi
_bNarosa Publishing House
_c1988
090 _c24825
_d24825
942 _aNUST-CAE
_cM
_c16475
999 _c274894
_d274894